000 00629nam a22002171a 4500
001 3306
003 OSt
005 20260204211845.0
008 040805s1997||||cr ||||||b||||||||||spa||
020 _a929039319x
050 _a378 D543e
082 _a378 D543e
100 _aDíaz Bordenave, Juan
245 _aEstrategias de enseñanza-aprendizaje / Juan Díaz Bordenave
264 _aCosta Rica: Instituto de Cooperación para la Agricultura
300 _a374 p
490 _aColección libros y materiales educativo IICA No. 50
650 _a1.Educación Superior
700 _aPereira Adair MartinsÌ
942 _2ddc
_cBK
999 _c3306
_d3306